000 00718nam a2200289Ia 4500
005 20260324130113.0
008 008 260324s9999 xx 000 0 eng d
020 _a9781315594354
037 _aEBOOK
040 _aCRL
040 _beng
040 _cCRL
041 _2eng
041 _aeng
084 _qCRL
100 _aDavid Chalcraft; Fanon Howell; Hector Vera; Marisol Lopez Menendez
_91180522
245 0 _aMax Weber Matters
245 0 _bInterweaving Past and Present
260 _bTaylor and Francis
260 _c2008
365 _a
365 _b240
856 _uhttp://www.taylorfrancis.com/books/9781315594354
942 _cEBOOK
999 _c1776381
_d1776381